000
00264nam a2200109Ia 4500
008
220204s9999 xx 000 0 und d
082
_a
65(035)
_b
MOO
245
0
_a
AMA management handbook
260
_a
Bombay
_b
Taraporevala
_c
1978
700
_a
Moore, R
942
_c
BK
999
_c
30322
_d
30322